00484nam a2200121 a 450000500170000000800410001705000180005824500520007626000370012850000690016599900190023495201090025320140513081053.0090911s19uu xx 00 eng d aKitbLIT 1980 a3 Mr. Men and little miss /cHangreaves, Roger. aU.S.A :bOttenheimer pub,c1980. aStories on LP casette. Titles: Mr. Funny, Mr. Noisy, Mr. Muddle. c116400d116400 001040aELbELcKITd2009-09-11eLib. Fundl0oKit LIT 1980pE397r2014-05-13 00:00:00w2014-05-13yKIT